Score 0/16 Timer 06:00
0 Plays Today
Question Answer Wrong Answers
And the silken, sad, uncertain rustling of each purple curtain
Thrilled me—filled me with fantastic terrors never felt before;
Edgar Allan Poe
70.4%
John Keats
6.6%
Percy Bysshe Shelley
5.3%
Lord Byron
7.3%
When old age shall this generation waste,
Thou shalt remain, in midst of other woe
Than ours, a friend to man, to whom thou say'st,
'Beauty is truth, truth beauty,—that is all
Ye know on earth, and all ye need to know.'
John Keats
60.5%
Percy Bysshe Shelley
15%
Edgar Allan Poe
4.7%
Lord Byron
11%
And so, all the night-tide, I lie down by the side
Of my darling—my darling—my life and my bride,
In her sepulchre there by the sea—
In her tomb by the sounding sea.
Edgar Allan Poe
56.5%
John Keats
11%
Percy Bysshe Shelley
11.3%
Lord Byron
10.6%
Nothing beside remains. Round the decay
Of that colossal Wreck, boundless and bare
The lone and level sands stretch far away.
Percy Bysshe Shelley
53.2%
John Keats
11.3%
Edgar Allan Poe
14.3%
Lord Byron
12%
And sometimes like a gleaner thou dost keep
Steady thy laden head across a brook;
Or by a cyder-press, with patient look,
Thou watchest the last oozings hours by hours.
John Keats
46.5%
Percy Bysshe Shelley
17.9%
Edgar Allan Poe
12%
Lord Byron
11.3%
She walks in beauty, like the night
Of cloudless climes and starry skies;
And all that’s best of dark and bright
Meet in her aspect and her eyes;
Lord Byron
45.8%
John Keats
22.3%
Percy Bysshe Shelley
13%
Edgar Allan Poe
8.3%
The Assyrian came down like the wolf on the fold,
And his cohorts were gleaming in purple and gold;
And the sheen of their spears was like stars on the sea,
When the blue wave rolls nightly on deep Galilee.
Lord Byron
44.2%
John Keats
14.3%
Percy Bysshe Shelley
24.9%
Edgar Allan Poe
6.6%
I weep for Adonais—he is dead!
Oh, weep for Adonais! though our tears
Thaw not the frost which binds so dear a head!
Percy Bysshe Shelley
43.2%
John Keats
19.9%
Edgar Allan Poe
7.3%
Lord Byron
19.6%
I want a hero: an uncommon want,
When every year and month sends forth a new one,
Till, after cloying the gazettes with cant,
The age discovers he is not the true one;
Lord Byron
42.2%
John Keats
16.9%
Percy Bysshe Shelley
19.6%
Edgar Allan Poe
10.3%
So, we'll go no more a roving
So late into the night,
Though the heart be still as loving,
And the moon be still as bright.
Lord Byron
42.2%
John Keats
21.3%
Percy Bysshe Shelley
16.6%
Edgar Allan Poe
9.3%
While the stars that oversprinkle
All the heavens, seem to twinkle
With a crystalline delight;
Keeping time, time, time,
In a sort of Runic rhyme,
To the tintinnabulation that so musically wells
Edgar Allan Poe
40.2%
John Keats
18.9%
Percy Bysshe Shelley
15%
Lord Byron
13.6%
O wild West Wind, thou breath of Autumn's being,
Thou, from whose unseen presence the leaves dead
Are driven, like ghosts from an enchanter fleeing,
Percy Bysshe Shelley
39.9%
John Keats
31.9%
Edgar Allan Poe
10%
Lord Byron
9%
To feel for ever its soft fall and swell,
Awake for ever in a sweet unrest,
Still, still to hear her tender-taken breath,
And so live ever—or else swoon to death.
John Keats
37.9%
Percy Bysshe Shelley
17.3%
Edgar Allan Poe
19.6%
Lord Byron
16.9%
Or like stout Cortez when with eagle eyes
He star'd at the Pacific—and all his men
Look'd at each other with a wild surmise—
Silent, upon a peak in Darien.
John Keats
36.2%
Percy Bysshe Shelley
20.3%
Edgar Allan Poe
8.6%
Lord Byron
25.6%
Hail to thee, blithe Spirit!
Bird thou never wert
That from Heaven, or near it,
Pourest thy full heart
In profuse strains of unpremeditated art.
Percy Bysshe Shelley
36.2%
John Keats
32.9%
Edgar Allan Poe
8.6%
Lord Byron
10.6%
All that we see or seem
Is but a dream within a dream.
Edgar Allan Poe
32.9%
John Keats
23.6%
Percy Bysshe Shelley
20.3%
Lord Byron
13.6%
Remove Ads.
Support Sporcle.
Get the best of Sporcle when you Go Orange. This ad-free experience offers more features, more stats, and more fun while also helping to support Sporcle. Thank you for becoming a member.

You're not logged in!

Compare scores with friends on all Sporcle quizzes.
OR
Log In

Sporcle TV

Today on Sporcle TV


Watch our educational content, quiz creation guides, and fun videos on Sporcle TV.

Show Comments

Extras

Top Quizzes Today


Score Distribution

Paid Content

Your Account Isn't Verified!

In order to create a playlist on Sporcle, you need to verify the email address you used during registration. Go to your Sporcle Settings to finish the process.

Report this User

Report this user for behavior that violates our Community Guidelines.

Details: